Journal article Open Access
<?xml version='1.0' encoding='UTF-8'?>
<record xmlns="http://www.loc.gov/MARC21/slim">
<leader>00000nam##2200000uu#4500</leader>
<datafield tag="542" ind1=" " ind2=" ">
<subfield code="l">open</subfield>
</datafield>
<datafield tag="540" ind1=" " ind2=" ">
<subfield code="u">https://creativecommons.org/licenses/by/4.0/legalcode</subfield>
<subfield code="a">Creative Commons Attribution 4.0 International</subfield>
</datafield>
<datafield tag="980" ind1=" " ind2=" ">
<subfield code="a">publication</subfield>
<subfield code="b">article</subfield>
</datafield>
<datafield tag="520" ind1=" " ind2=" ">
<subfield code="a"><p>The individual error scores for different pupil detection algorithms as reported in the manuscript &quot;Improving eye-tracking data quality: A framework for reproducible evaluations of detection algorithms&quot;</p></subfield>
</datafield>
<controlfield tag="005">20240422062252.0</controlfield>
<datafield tag="024" ind1=" " ind2=" ">
<subfield code="a">10.25592/uhhfdm.13720</subfield>
<subfield code="2">doi</subfield>
</datafield>
<datafield tag="260" ind1=" " ind2=" ">
<subfield code="c">2023-11-16</subfield>
</datafield>
<controlfield tag="001">13720</controlfield>
<datafield tag="650" ind1="1" ind2="7">
<subfield code="a">cc-by</subfield>
<subfield code="2">opendefinition.org</subfield>
</datafield>
<datafield tag="909" ind1="C" ind2="O">
<subfield code="o">oai:fdr.uni-hamburg.de:13720</subfield>
<subfield code="p">user-uhh</subfield>
<subfield code="p">user-uke</subfield>
</datafield>
<datafield tag="245" ind1=" " ind2=" ">
<subfield code="a">Improving eye-tracking data quality: A framework for reproducible evaluations of detection algorithms</subfield>
</datafield>
<datafield tag="773" ind1=" " ind2=" ">
<subfield code="a">10.25592/uhhfdm.13719</subfield>
<subfield code="i">isVersionOf</subfield>
<subfield code="n">doi</subfield>
</datafield>
<datafield tag="856" ind1="4" ind2=" ">
<subfield code="s">389318</subfield>
<subfield code="u">https://www.fdr.uni-hamburg.de/record/13720/files/calculated_errors.csv</subfield>
<subfield code="z">md5:b41446f5b8ea7cf55c33e410265b8716</subfield>
</datafield>
<datafield tag="100" ind1=" " ind2=" ">
<subfield code="a">Christopher Lukas Gundler</subfield>
<subfield code="u">Univerity Medical Center Hamburg-Eppendorf</subfield>
<subfield code="0">(orcid)0000-0001-9301-8872</subfield>
</datafield>
<datafield tag="980" ind1=" " ind2=" ">
<subfield code="a">user-uhh</subfield>
</datafield>
<datafield tag="980" ind1=" " ind2=" ">
<subfield code="a">user-uke</subfield>
</datafield>
</record>